=LDR 00000nam 2200000 4500 =001 INLIS000000000052712 =005 20180226093318 =035 ##$$a 0010-0218000408 =007 ta =008 180226###########################0###### =020 ##$$a 978-602-425-081-2 =082 ##$$a 510.1 =084 ##$$a 510.1 SUT p =100 #$$a Sutarto hadi =245 1#$$a Pendidikan matematika realistik : $b Teori, pengembangan, dan implementasinya /$c Sutarto hadi =250 ##$$a cet.1 =260 ##$$a Jakarta :$b Rajawali Pers,$c 2017 =300 ##$$a 254 hlm. : $b ilus ; $c 23 cm =500 ##$$a Biografi : hlm. 295 =650 ##$$a Matematika teori =504 ##$$a Bibliografi : hlm. 255-263 =990 ##$$a 47654765 =990 ##$$a 47654765 =990 ##$$a 47654765 =990 ##$$a 47654765 =990 ##$$a 47654765 =990 ##$$a 21710011 =990 ##$$a 01201804765 =990 ##$$a 01201804766 =990 ##$$a 01201804767 =990 ##$$a 01201804768 =990 ##$$a 21710012 =990 ##$$a 01201804765 =990 ##$$a 01201804766 =990 ##$$a 01201804767 =990 ##$$a 21710011 =990 ##$$a 21710013 =990 ##$$a 01201804765 =990 ##$$a 01201804766 =990 ##$$a 21710012 =990 ##$$a 21710011 =990 ##$$a 21710014 =990 ##$$a 01201804765 =990 ##$$a 21710013 =990 ##$$a 21710012 =990 ##$$a 21710011 =990 ##$$a 21710015 =990 ##$$a 21710014 =990 ##$$a 21710013 =990 ##$$a 21710012 =990 ##$$a 21710011